| 000 | 01564nam a2200445 c 4500 | ||
|---|---|---|---|
| 999 |
_c49534 _d49534 |
||
| 001 | 49534 | ||
| 003 | ES-MaCES | ||
| 005 | 20170629100456.0 | ||
| 008 | 170607s2017 sp | 000 | spa d | ||
| 017 |
_aGR 298-2017 _bDL |
||
| 020 | _a9788490454930 | ||
| 040 |
_aES-MaCES _bspa _cES-MaCES |
||
| 245 | 0 | 3 |
_aEl empleo en el ámbito local _cFrancisco Vila Tierno (dir.) ; Juan Carlos Álvarez Cortés (coord.) ; autores, Juan Carlos Álvarez Cortés ... [et al.] |
| 260 |
_aGranada _bComares _c2017 |
||
| 300 |
_aXIII, 369 p. _bgráf. bl. y n. _c24 cm |
||
| 490 | 1 |
_aColección Trabajo y Seguridad Social _v103 |
|
| 490 | 1 | _aBiblioteca Comares de ciencia jurídica | |
| 541 | _cCompra | ||
| 650 | 4 |
_aempleo _928299 |
|
| 650 | 4 |
_anivel local _927220 |
|
| 650 | 4 |
_agobierno local _927219 |
|
| 650 | 4 |
_aComunidades Autónomas _930768 |
|
| 650 | 4 |
_apolítica de empleo _928300 |
|
| 650 | 4 |
_aprotección social _929076 |
|
| 650 | 4 |
_apolítica social _927029 |
|
| 650 | 4 |
_aempleo de jóvenes _929982 |
|
| 650 | 4 |
_aintegración social _927283 |
|
| 650 | 4 |
_asocialmente desfavorecidos _929219 |
|
| 650 | 4 |
_apolítica comunitaria _930776 |
|
| 650 | 4 |
_aUE _926752 |
|
| 650 | 4 |
_aEspaña _926964 |
|
| 650 | 4 |
_arégimen jurídico _929894 |
|
| 653 | 1 | 0 | _aEmpleo |
| 700 | 1 |
_925877 _aVila Tierno, Francisco _edir. |
|
| 700 | 1 |
_96117 _aÁlvarez Cortés, Juan Carlos _eaut. y coord. |
|
| 830 | 0 |
_aColección Trabajo y Seguridad Social _v103 _933762 |
|
| 830 | 0 |
_aBiblioteca Comares de ciencia jurídica _932174 |
|
| 902 | _aLIB Libro | ||
| 942 |
_2CES _cBK _h2.1. |
||